| 000 | 01392nam0a22002891 4500 | ||
|---|---|---|---|
| 001 | rc\4759978 | ||
| 005 | 20250613074659.0 | ||
| 021 |
_aRU _b[62-78753] |
||
| 035 | _a(NLR Aleph) 009016263 | ||
| 090 |
_a9399576 _c9399576 |
||
| 100 | _a20130417d1962 |||y0rusy50 ca | ||
| 101 | 0 | _arus | |
| 102 | _aRU | ||
| 105 | _aa z ||||| | ||
| 200 | 1 |
_aОтделка поверхностей изделий из ячеистых бетонов фрезерованием _eОпыт заводов ячеистых бетонов Свердл. совнархоза _fАкад. строительства и архитектуры СССР. Науч.-исслед. ин-т организации, механизации и техн. помощи строительству. ЦБТИ |
|
| 210 |
_aМосква _cГосстройиздат _d1962 |
||
| 215 |
_a22 с. _cил. _d22 |
||
| 225 | 1 | _a[Новости строительной техники СССР] | |
| 300 | _aАвт. указан на обороте тит. л. | ||
| 606 |
_aБлоки (строит.) из ячеистого бетона _xОтделка _2psbo |
||
| 606 |
_aПанели из ячеистого бетона _xОтделка _2psbo |
||
| 700 | 1 |
_aЛевин _bС.С. _gСамуил Самсонович |
|
| 801 | 0 |
_aRU _bNLR _gpsbo |
|
| 801 | 1 |
_aRU _bELAR _2rusmarc |
|
| 852 |
_aNLR _j62-6/11995 |
||
| 942 | _cBOOK | ||
| 980 | _aNB | ||